Szczegóły MARC21

Nie zgrywaj milionera zacznij nim być naprawde /

003 -Nazwa inst., której nr kontr. jest w polu 001 [,]
    • @
    • Nazwa instytucji, której n kontrolny jest w polu 001
    • NUKAT
005 -DATA I CZAS OSTATNIEJ MODYFIKACJI [,]
    • @
    • pole kontrolne
    • 20241231090318.0
020 -Międzynarod. znormalizowany nr książki - ISBN [ , ]
    • a
    • Numer ISBN
    • 9788389812667 Find
040 -Instytucja sporządzająca opis [ , ]
    • a
    • Instytucja, która sporządziła opis (NP)
    • KR 119/ara
    • c
    • Instytucja, która sporządziła rekord (NP)
    • KR 119/ara
    • d
    • Instytucja, która zmodyfikowała rekord (P)
    • SZCZ U/JS
041 -Język dokumentu [1, ]
    • a
    • Język tekstu (P)
    • polski
    • h
    • Język tekstu oryginalnego i/lub pośredniego (P)
    • angielski
942 -Rodzaj dokumentu [ , ]
    • c
    • Rodzaj dokumentu
    • Książka
100 -Hasło główne - nazwa osobowa [1, ]
    • a
    • Nazwa osobowa (NP)
    • Stanley, Thomas J.
    • d
    • Daty biograficzne (NP)
    • (1944-2015).
    • 9
    • KHW
    • 65094
245 -Strefa tytułu i oznaczenia odpowiedzialności [1,0]
    • a
    • Tytuł
    • Nie zgrywaj milionera zacznij nim być naprawde / Find
    • c
    • Pozostałe elementy strefy tytułu i oznaczenia odpowiedzialności (NP)
    • Thomas J. Stanley ; tł. Rafał Rudowski.
246 -Wariant tytułu [1, ]
    • i
    • Tekst wyświetlany na ekranie monitora (NP)
    • Tyt. oryg.:
    • a
    • Tytuł (NP)
    • Stop acting rich... and start living like a real millionaire
246 -Wariant tytułu [1, ]
    • i
    • Tekst wyświetlany na ekranie monitora (NP)
    • Tyt. okł.:
    • a
    • Tytuł (NP)
    • Przestań zgrywać milionera lepiej nim zostań
260 -Strefa adresu wydawniczego [ , ]
    • a
    • Miejsce wydania (P)
    • Warszawa :
    • b
    • Nazwa wydawcy (P)
    • Fijorr Publishing,
    • c
    • Data wydania (P)
    • 2010.
300 -Strefa opisu fizycznego [ , ]
    • a
    • Określenie formy książki i/lub objętość (NP)
    • 278 s. ;
    • c
    • Format (NP)
    • 21 cm.
336 -Typ zawartości [ , ]
    • a
    • Termin opisujący typ zawartości
    • Tekst
    • b
    • Kod określający zawartość
    • txt
    • 2
    • Źródło (terminu i kodu)
    • rdacontent
337 -Typ mediów [ , ]
    • a
    • Tryb odtwarzania
    • Bez urządzenia pośredniczącego
    • b
    • Kod typu mediów
    • n
    • 2
    • Źródło (terminu i kodu)
    • rdamedia
338 -Typ/rodzaj nośnika [ , ]
    • a
    • Hasło opisujące typ nośnika
    • Wolumin
    • b
    • Kod typu nośnika
    • nc
    • 2
    • Źródło (terminu i kodu)
    • rdacarrier
080 -Uniwersalna Klasyfikacja Dziesiętna [ , ]
    • 2
    • Identyfikator wydania tablic
    • UDC-P058
    • 9
    • UKD
    • 3978
    • a
    • Symbol klasyfikacji
    • 394
    • b
    • Dopowiedzenie
    • Zwyczaje i obyczaje życia publicznego i społecznego. Życie codzienne. Życie dworskie. High life. Gry i zabawy.
    • 4
    • UKD2
    • 42395
    • x
    • Poddział wspólny
    • -058.32
    • c
    • Dopowiedzenie poddz. wspólnego
    • -Osoby o wielkich dochodach. Bogaci.
    • 4
    • UKD2
    • 9654
    • x
    • Poddział wspólny
    • (02.062)
    • c
    • Dopowiedzenie poddz. wspólnego
    • (Książki popularne. Przedstawienie tematu na poziomie elementarnym).
980 -Symbol UKD [ , ]
    • a
    • UKD
    • 394-058.32(02.062)
700 -Hasło dodatkowe - nazwa osobowa [1, ]
    • a
    • Nazwa osobowa (NP)
    • Rudowski, Rafał. Find
    • e
    • Określenie rodzaju współpracy
    • Tł.
    • 9
    • KHW
    • 65093
710 -Hasło dodatkowe - nazwa ciała zbiorowego [2, ]
    • a
    • Nazwa ciała zbiorowego lub nazwa geograficzna jako pierwszy element (NP)
    • Fijorr Publishing.
    • 4
    • Kod relacji
    • pbl
    • 9
    • KHW
    • 69981
920 -ISBN [ , ]
    • a
    • ISBN
    • 978-83-89812-66-7 Find
Data inwentaryzacji Lokalizacja Sygnatura Numer inwentarzowy Status udost.
2013-11-06TT.13325T.13325-2